| 000 | 00788nam a2200217 a 4500 | ||
|---|---|---|---|
| 008 | 120416s1985 ||||||||||||||||| || u | ||
| 020 | _a0566025272 | ||
| 050 | _aHF 5549.5 Jon | ||
| 100 | _aWoodcock, Mike | ||
| 245 | 1 | 0 | _aManual of management development: strategy, design and instruments for programme improvement |
| 260 |
_aAldershot: _bGower _c1985 |
||
| 300 | _axi, 175p.: ill | ||
| 350 | _a0.00 | ||
| 500 | _aIncludes bibliographies. | ||
| 650 | 0 | _aCAREER DEVELOPMENT | |
| 650 | _aEXECUTIVES--TRAINING OF | ||
| 650 | _aPERSONNEL MANAGEMENT--STUDY AND TEACHING | ||
| 650 | _aTEXTBOOKS | ||
| 700 | _aJones, John E | ||
| 995 |
_D0.00 _FCBU-MAIN LIBRARY (Kitwe) _H1 _I19.50 _UAVAILABLE _ZMain Library Open Access Collection |
||
| 999 |
_c50291 _d50291 |
||